[Event "ICC tourney 1897 (3 2)"]
[Site "Internet Chess Club"]
[Date "2020.07.03"]
[Round "3"]
[White "Dlugy"]
[Black "Elieman"]
[Result "1-0"]
[WhiteElo "2866"]
[BlackElo "1736"]
[PlyCount "51"]
[EventDate "2020.??.??"]

1. d4 d5 2. Bf4 Nf6 3. e3 c5 4. dxc5 Nc6 5. Bb5 e6 6. b4 Bd7 7. c3 a5 8. Qb3 b6
9. Bxc6 Bxc6 10. b5 a4 11. Qb2 a3 12. Qe2 bxc5 13. bxc6 Qb6 14. Nd2 Qb2 15. Rb1
Qxa2 16. Qb5 Be7 17. c7+ Nd7 18. Ngf3 O-O 19. Qxd7 Qc2 20. O-O a2 21. Rbc1 Qb2
22. Qxe7 a1=Q 23. Rxa1 Rxa1 24. Qxf8+ Kxf8 25. Bd6+ Ke8 26. c8=Q# 1-0

[Event "ICC tourney 1897 (3 2)"]
[Site "Internet Chess Club"]
[Date "2020.07.03"]
[Round "1"]
[White "Mookmookarmy"]
[Black "Elieman"]
[Result "0-1"]
[WhiteElo "1317"]
[BlackElo "1483"]
[PlyCount "38"]
[EventDate "2020.??.??"]

1. e4 e5 2. Nf3 Nc6 3. d4 exd4 4. Bc4 Nf6 5. O-O Nxe4 6. Nc3 Nxc3 7. bxc3 d5 8.
Bb5 Be7 9. Nxd4 Bd7 10. Bd3 O-O 11. Qh5 g6 12. Qxd5 Nxd4 13. c4 Bc6 14. Qa5 Re8
15. Be3 Bf6 16. Rad1 Qe7 17. Rfe1 Be5 18. Bxd4 Qg5 19. Rxe5 Qxg2# 0-1

[Event "ICC tourney 1897 (3 2)"]
[Site "Internet Chess Club"]
[Date "2020.07.03"]
[Round "13"]
[White "ickyquarter"]
[Black "Kokoro"]
[Result "0-1"]
[WhiteElo "1634"]
[BlackElo "1783"]
[PlyCount "66"]
[EventDate "2020.??.??"]

1. e4 g6 2. d4 d5 3. exd5 Nf6 4. Nf3 Bg7 5. c4 O-O 6. Nc3 c6 7. dxc6 Nxc6 8.
Be3 Bg4 9. Be2 Qa5 10. O-O Rfd8 11. h3 Bxf3 12. Bxf3 Nxd4 13. Bxd4 e5 14. Bxb7
Rab8 15. Bd5 exd4 16. Ne2 Nxd5 17. cxd5 Rxb2 18. Nf4 Be5 19. Nd3 Rd2 20. Qe1
Bc7 21. a3 Rxd3 22. Qe7 Bb6 23. d6 Qd5 24. Qe2 Rc3 25. Rfe1 d3 26. Qd2 Rc2 27.
Qf4 Rxf2 28. Qxf2 Bxf2+ 29. Kxf2 d2 30. Red1 Qd4+ 31. Kf1 Rxd6 32. Ra2 Qc4+ 33.
Kg1 Qxa2 0-1

[Event "ICC tourney 1897 (3 2)"]
[Site "Internet Chess Club"]
[Date "2020.07.03"]
[Round "11"]
[White "Elieman"]
[Black "ickyquarter"]
[Result "0-1"]
[WhiteElo "1618"]
[BlackElo "1621"]
[PlyCount "54"]
[EventDate "2020.??.??"]

1. e4 c5 2. Nc3 e6 3. Nf3 d5 4. exd5 exd5 5. d4 Nf6 6. Bg5 cxd4 7. Qxd4 Be7 8.
O-O-O Be6 9. Bb5+ Nc6 10. Ne5 Qc7 11. Bxf6 Bxf6 12. Rhe1 O-O 13. Bxc6 bxc6 14.
f4 Rab8 15. Qc5 Rfc8 16. g4 Bxe5 17. Rxe5 Bxg4 18. Rg1 Be6 19. f5 Qxe5 20. fxe6
Qxe6 21. Qd4 g6 22. a3 Re8 23. Kb1 Qe3 24. Qf6 Qxg1+ 25. Ka2 Qe3 26. Na4 Qe6
27. Qc3 d4+ 0-1

[Event "ICC tourney 1897 (3 2)"]
[Site "Internet Chess Club"]
[Date "2020.07.03"]
[Round "8"]
[White "ickyquarter"]
[Black "Taechess"]
[Result "0-1"]
[WhiteElo "1596"]
[BlackElo "1721"]
[PlyCount "88"]
[EventDate "2020.??.??"]

1. e4 e6 2. d4 d5 3. Bd3 c5 4. exd5 exd5 5. Nf3 Nf6 6. O-O Be7 7. c3 O-O 8. Bf4
Bg4 9. h3 Bh5 10. Nbd2 Nc6 11. Be2 h6 12. Ne5 Bxe2 13. Qxe2 Re8 14. Nxc6 bxc6
15. Qd3 Qb6 16. Rab1 cxd4 17. cxd4 Bb4 18. Nf3 Ne4 19. a3 Bd6 20. Bxd6 Nxd6 21.
Ne5 f6 22. Nd7 Qc7 23. Nc5 Ne4 24. Rbc1 a5 25. f3 Nxc5 26. Rxc5 Qb6 27. Qc3 Re6
28. Rc1 a4 29. Rxc6 Rxc6 30. Qxc6 Qxd4+ 31. Kh1 Rb8 32. Rc5 Rxb2 33. Qc8+ Kf7
34. Rc7+ Kg6 35. Qe8+ Kh7 36. Rxg7+ Kxg7 37. Qd7+ Kg6 38. Qe8+ Kf5 39. Qh5+ Kf4
40. Qxh6+ Kg3 41. Qg7+ Kf2 42. Kh2 Qf4+ 43. g3 Kf1+ 44. Kh1 Qxf3# 0-1

[Event "ICC tourney 1897 (3 2)"]
[Site "Internet Chess Club"]
[Date "2020.07.03"]
[Round "4"]
[White "ickyquarter"]
[Black "Goran21"]
[Result "0-1"]
[WhiteElo "1637"]
[BlackElo "1631"]
[PlyCount "98"]
[EventDate "2020.??.??"]

1. e4 c5 2. Nf3 d6 3. d4 cxd4 4. Nxd4 e5 5. Ne2 Nf6 6. Nbc3 a6 7. g3 b5 8. a3
Bb7 9. Bg2 Be7 10. O-O Nbd7 11. h3 O-O 12. g4 h6 13. Be3 Nb6 14. Ng3 Nc4 15.
Bc1 Rc8 16. Nf5 Rb8 17. Kh1 Bc8 18. b3 Bxf5 19. gxf5 Nb6 20. Bf3 Rc8 21. Bb2
Nh7 22. Rg1 Kh8 23. Ne2 Bh4 24. Ng3 Ng5 25. Bg2 Bxg3 26. fxg3 Re8 27. h4 Nh7
28. Bf3 Nf6 29. g4 d5 30. g5 Nxe4 31. Bxe4 dxe4 32. Qh5 Qd7 33. gxh6 g6 34. Qg5
Qxf5 35. Qxf5 gxf5 36. Rac1 f6 37. Rg6 Nd5 38. c4 Nf4 39. Rxf6 Nd3 40. Rc2 bxc4
41. bxc4 f4 42. Ba1 e3 43. Rd6 Nf2+ 44. Kg2 Rg8+ 45. Kf3 Rg3+ 46. Ke2 Re8 47.
Rd5 Ng4 48. c5 f3+ 49. Ke1 Rg1# 0-1

[Event "ICC tourney 1897 (3 2)"]
[Site "Internet Chess Club"]
[Date "2020.07.03"]
[Round "3"]
[White "penguingm1"]
[Black "ickyquarter"]
[Result "1-0"]
[WhiteElo "2818"]
[BlackElo "1647"]
[PlyCount "95"]
[EventDate "2020.??.??"]

1. d4 d5 2. Bf4 c5 3. e3 Nc6 4. Nf3 Nf6 5. Nbd2 e6 6. c3 b6 7. Bb5 Bd7 8. Bd3
Be7 9. Ne5 c4 10. Bc2 b5 11. a3 a5 12. g4 b4 13. axb4 axb4 14. Rxa8 Qxa8 15. g5
Ng8 16. h4 b3 17. Bb1 Nxe5 18. Bxe5 f6 19. Bf4 f5 20. Be5 Kf7 21. Qh5+ Kf8 22.
Kd1 Qa1 23. Kc1 Be8 24. Qf3 Ba4 25. Qf4 Kf7 26. h5 Ba3 27. g6+ Ke8 28. Kd1 Qxb2
29. Ke2 Bf8 30. Bd6 Nf6 31. Bxf8 Rxf8 32. Qb8+ Ke7 33. Qb4+ Ke8 34. Qxa4+ Ke7
35. Qb4+ Ke8 36. gxh7 Nxh7 37. Qb8+ Ke7 38. Qc7+ Ke8 39. Qxg7 Nf6 40. h6 Ne4
41. Bxe4 fxe4 42. Qxf8+ Kxf8 43. h7 Qc2 44. h8=Q+ Ke7 45. Rh7+ Kd6 46. Qb8+ Kc6
47. Rc7+ Kd6 48. Qb6# 1-0

[Event "ICC tourney 1897 (3 2)"]
[Site "Internet Chess Club"]
[Date "2020.07.03"]
[Round "15"]
[White "rishibabu"]
[Black "bpovo1394"]
[Result "1-0"]
[WhiteElo "1575"]
[BlackElo "1040"]
[PlyCount "45"]
[EventDate "2020.??.??"]

1. e4 c6 2. d4 d5 3. Nc3 dxe4 4. Nxe4 Bf5 5. Ng3 Bg6 6. Bc4 e6 7. N1e2 Nf6 8.
O-O Bd6 9. f4 Nbd7 10. f5 exf5 11. Nxf5 Bxf5 12. Rxf5 O-O 13. Bg5 Qc7 14. Qd3
Bxh2+ 15. Kh1 Nh5 16. Be7 Rae8 17. Rxh5 g6 18. Rxh2 Rxe7 19. Rf1 b5 20. Bb3 a5
21. a4 b4 22. Nf4 c5 23. Nxg6 1-0

[Event "ICC tourney 1897 (3 2)"]
[Site "Internet Chess Club"]
[Date "2020.07.03"]
[Round "12"]
[White "Kokoro"]
[Black "bpovo1394"]
[Result "1-0"]
[WhiteElo "1766"]
[BlackElo "1002"]
[PlyCount "49"]
[EventDate "2020.??.??"]

1. e4 c6 2. d4 d5 3. Nc3 dxe4 4. Nxe4 Bf5 5. Ng3 Bg6 6. N1e2 e6 7. h4 h6 8. Nf4
Bh7 9. Be3 Bd6 10. Nfh5 Nd7 11. Nxg7+ Kf8 12. N7h5 c5 13. dxc5 Bxc5 14. Qe2
Qa5+ 15. c3 Rd8 16. Rd1 Bxe3 17. Qxe3 Qb6 18. Qd2 Bg6 19. Nf4 Ne7 20. Bc4 Kg7
21. Nfh5+ Kh7 22. O-O Ne5 23. Qe2 f6 24. Nxf6+ Kg7 25. Qxe5 1-0

[Event "ICC tourney 1897 (3 2)"]
[Site "Internet Chess Club"]
[Date "2020.07.03"]
[Round "9"]
[White "Elieman"]
[Black "bpovo1394"]
[Result "1-0"]
[WhiteElo "1667"]
[BlackElo "958"]
[PlyCount "117"]
[EventDate "2020.??.??"]

1. e4 c6 2. Nc3 d5 3. Nf3 Bg4 4. h3 Bxf3 5. Qxf3 Nf6 6. Be2 e6 7. d4 Be7 8. Be3
O-O 9. g4 dxe4 10. Nxe4 Nxe4 11. Qxe4 Qd5 12. Bd3 Qxe4 13. Bxe4 Nd7 14. O-O-O
Nf6 15. Bd3 Nd5 16. c4 Nb4 17. Bb1 Bf6 18. a3 Na6 19. f4 Rfd8 20. Rhe1 Rac8 21.
Be4 b5 22. c5 Rd7 23. f5 e5 24. dxe5 Rxd1+ 25. Rxd1 Bxe5 26. Rd7 Bb8 27. b4 Kf8
28. Bd4 Ke8 29. Rb7 g6 30. f6 Bf4+ 31. Kc2 Nb8 32. Rxa7 Rd8 33. Bc3 Rd7 34. Ra8
Rd8 35. h4 Kd7 36. Ra7+ Ke8 37. h5 Rd7 38. Rxd7 Kxd7 39. hxg6 hxg6 40. Kd3 Ke6
41. Bf3 Be5 42. g5 Bxc3 43. Kxc3 Kf5 44. Kd4 Kxg5 45. Ke5 Kh4 46. Kd6 g5 47.
Ke7 Kg3 48. Be4 Kf4 49. Bh1 g4 50. Kxf7 g3 51. Ke7 g2 52. Bxg2 Na6 53. f7 Nxb4
54. f8=Q+ Ke3 55. Qf3+ Kd4 56. Qe4+ Kc3 57. Qxb4+ Kc2 58. Be4+ Kd1 59. Qb2 1-0

[Event "ICC tourney 1897 (3 2)"]
[Site "Internet Chess Club"]
[Date "2020.07.03"]
[Round "8"]
[White "bpovo1394"]
[Black "Sina101"]
[Result "0-1"]
[WhiteElo "958"]
[BlackElo "1365"]
[PlyCount "60"]
[EventDate "2020.??.??"]

1. e4 c5 2. Nf3 e6 3. g3 Nc6 4. Bg2 d6 5. O-O Qc7 6. c3 Nf6 7. Qe2 Be7 8. d4
cxd4 9. cxd4 O-O 10. Nc3 a6 11. Bf4 e5 12. dxe5 dxe5 13. Nxe5 Nxe5 14. Rac1
Nfd7 15. Nd5 Qd8 16. Rfd1 Bf6 17. Bh3 Kh8 18. Rc2 g5 19. Bc1 g4 20. Bxg4 Nxg4
21. Qxg4 Ne5 22. Qf4 Bg7 23. b3 Bg4 24. Re1 Rc8 25. Bb2 Rxc2 26. Bd4 Nf3+ 27.
Kf1 Nxh2+ 28. Kg2 Bxd4 29. Kxh2 Rxf2+ 30. Kh1 Rxf4 0-1

[Event "ICC tourney 1897 (3 2)"]
[Site "Internet Chess Club"]
[Date "2020.07.03"]
[Round "6"]
[White "ickyquarter"]
[Black "bpovo1394"]
[Result "0-1"]
[WhiteElo "1598"]
[BlackElo "951"]
[PlyCount "72"]
[EventDate "2020.??.??"]

1. e4 c6 2. d4 d5 3. f3 dxe4 4. fxe4 e5 5. Nf3 Bg4 6. Bc4 Nd7 7. O-O Ngf6 8. c3
Bd6 9. Bg5 O-O 10. Nbd2 b5 11. Bb3 a5 12. a4 b4 13. Nc4 Bc7 14. dxe5 Bxf3 15.
Qxf3 Nxe5 16. Nxe5 Bxe5 17. Qf5 Re8 18. Rad1 Qc7 19. h3 bxc3 20. bxc3 Qb6+ 21.
Kh1 Qxb3 22. Rf3 Qe6 23. Qxe6 Rxe6 24. Bxf6 Rxf6 25. Rfd3 g6 26. c4 Rb8 27. Rd7
Rb2 28. Rd8+ Kg7 29. Re8 Bg3 30. Rc8 Rff2 31. Rxc6 Rxg2 32. c5 Rh2+ 33. Kg1
Rxh3 34. Rb6 Bh2+ 35. Kf1 Rf3+ 36. Ke1 Bg3# 0-1

[Event "ICC tourney 1897 (3 2)"]
[Site "Internet Chess Club"]
[Date "2020.07.03"]
[Round "5"]
[White "bpovo1394"]
[Black "destroyingeagle"]
[Result "0-1"]
[WhiteElo "920"]
[BlackElo "1288"]
[PlyCount "60"]
[EventDate "2020.??.??"]

1. e4 d6 2. d4 g6 3. Nc3 Bg7 4. f4 Nf6 5. Nf3 c5 6. dxc5 Qa5 7. Qd4 dxc5 8.
Qa4+ Qxa4 9. Nxa4 Nxe4 10. Bd3 Nd6 11. Nxc5 b6 12. Ne4 Bb7 13. Nxd6+ exd6 14.
O-O O-O 15. c3 Nc6 16. Bd2 Rad8 17. Rae1 d5 18. Ne5 d4 19. cxd4 Nxe5 20. fxe5
Rxd4 21. Re3 Rfd8 22. e6 fxe6 23. Bc3 Rxd3 24. Rxe6 Bxc3 25. bxc3 R8d7 26. g4
Rxc3 27. g5 Rc2 28. Re8+ Kg7 29. Rfe1 Rg2+ 30. Kf1 Rf7# 0-1

[Event "ICC tourney 1897 (3 2)"]
[Site "Internet Chess Club"]
[Date "2020.07.03"]
[Round "3"]
[White "bpovo1394"]
[Black "premierchess"]
[Result "0-1"]
[WhiteElo "923"]
[BlackElo "1736"]
[PlyCount "112"]
[EventDate "2020.??.??"]

1. e4 c6 2. Nf3 d5 3. Nc3 Bg4 4. h3 Bxf3 5. Qxf3 e6 6. d4 dxe4 7. Nxe4 Nd7 8.
Bd3 Ngf6 9. c3 Nxe4 10. Bxe4 Nf6 11. Bc2 Qd5 12. Qg3 O-O-O 13. O-O Bd6 14. Qd3
h5 15. c4 Qa5 16. a3 Qc7 17. b4 e5 18. b5 exd4 19. bxc6 Qxc6 20. Bd2 Rhe8 21.
Rfb1 Ne4 22. Ba5 b6 23. c5 Nxc5 24. Qf5+ Qd7 25. Qf3 Qb7 26. Qd1 d3 27. Ba4 Re2
28. Rc1 Kb8 29. Bb4 Bf4 30. Bb5 Bxc1 31. Rxc1 d2 32. Bxe2 dxc1=Q 33. Qxc1 Qd5
34. Bf3 Qd6 35. Bd2 Qxd2 36. Qb1 Qd6 37. Qf5 Qd7 38. Qxh5 Ne6 39. Qe5+ Qc7 40.
Qe4 Kc8 41. Qa8+ Kd7 42. Qd5+ Ke7 43. Qf5 Qc1+ 44. Kh2 Qf4+ 45. Qxf4 Nxf4 46.
g3 Ne6 47. Be4 Rd4 48. f3 Ra4 49. h4 Rxa3 50. g4 Kd6 51. g5 Ke5 52. g6 f5 53.
Bc6 Kf4 54. h5 Ra2+ 55. Kh3 Ng5+ 56. Kh4 Rh2# 0-1

[Event "ICC tourney 1897 (3 2)"]
[Site "Internet Chess Club"]
[Date "2020.07.03"]
[Round "12"]
[White "investigator"]
[Black "Elieman"]
[Result "0-1"]
[WhiteElo "1566"]
[BlackElo "1636"]
[PlyCount "64"]
[EventDate "2020.??.??"]

1. c4 e5 2. Nc3 Nc6 3. g3 Bc5 4. Bg2 d6 5. e3 a6 6. Nge2 Nge7 7. a3 Ba7 8. O-O
h5 9. h4 g5 10. hxg5 Ng6 11. f4 h4 12. f5 Qxg5 13. Ne4 Qh6 14. fxg6 h3 15. g7
Qxg7 16. Bf3 h2+ 17. Kh1 Be6 18. d4 O-O-O 19. d5 Bg4 20. Bxg4+ Qxg4 21. Nf6 Qg5
22. dxc6 Bxe3 23. Bxe3 Qxe3 24. cxb7+ Kb8 25. Qe1 Rh6 26. Qf2 Qd3 27. Qf3 Qxc4
28. Rac1 Qb5 29. Nd5 f5 30. Rxc7 e4 31. Rc8+ Rxc8 32. bxc8=Q+ Kxc8 0-1

[Event "ICC tourney 1897 (3 2)"]
[Site "Internet Chess Club"]
[Date "2020.07.03"]
[Round "10"]
[White "investigator"]
[Black "bpovo1394"]
[Result "0-1"]
[WhiteElo "1574"]
[BlackElo "985"]
[PlyCount "82"]
[EventDate "2020.??.??"]

1. c4 c6 2. d4 d5 3. Nf3 Nf6 4. Nc3 dxc4 5. g3 Bf5 6. Bg2 e6 7. Nh4 Bg6 8. O-O
Be7 9. e4 O-O 10. Nxg6 hxg6 11. Be3 Nbd7 12. f4 b5 13. b3 b4 14. Ne2 c3 15. a3
a5 16. axb4 axb4 17. h3 c5 18. d5 exd5 19. e5 Ne4 20. Qxd5 Rxa1 21. Rxa1 Nd2
22. Bxd2 cxd2 23. Qxd2 Nb6 24. Qc2 Qc7 25. e6 f5 26. Rd1 Rd8 27. Nd4 Qd6 28.
Kf2 cxd4 29. Qd3 Qxe6 30. Qf3 Qe3+ 31. Qxe3 dxe3+ 32. Ke2 Rxd1 33. Kxd1 Bc5 34.
Ke2 Kf7 35. Kd3 Ke6 36. Bf3 Kd6 37. g4 Nd5 38. Bxd5 Kxd5 39. g5 Bb6 40. h4 Bc5
41. Ke2 Ke4 0-1

[Event "ICC tourney 1897 (3 2)"]
[Site "Internet Chess Club"]
[Date "2020.07.03"]
[Round "4"]
[White "investigator"]
[Black "londonkid"]
[Result "0-1"]
[WhiteElo "1671"]
[BlackElo "1757"]
[PlyCount "102"]
[EventDate "2020.??.??"]

1. c4 e5 2. Nc3 Nc6 3. g3 Nf6 4. Bg2 Bc5 5. e3 O-O 6. Nge2 h6 7. O-O d6 8. a3
a6 9. b4 Ba7 10. Bb2 Rb8 11. d4 exd4 12. exd4 Ne7 13. Qd2 Bf5 14. d5 Qd7 15.
Rfe1 Rbe8 16. Nd4 Bh3 17. Re2 Qg4 18. Bxh3 Qxh3 19. Rae1 Bxd4 20. Qxd4 Ng4 21.
f3 Ne5 22. Qf4 Nd3 23. Qd2 Nxe1 24. Qxe1 Qd7 25. Ne4 Ng6 26. Qc3 f6 27. Qc2 Ne5
28. f4 Nf3+ 29. Kg2 Qg4 30. h3 Nh4+ 31. Kh2 Qf3 32. gxh4 Qxf4+ 33. Kg1 Qxh4 34.
Nf2 Qg3+ 35. Kf1 Rxe2 36. Qxe2 Qg6 37. Qe6+ Kh8 38. Qg4 Qb1+ 39. Nd1 Qd3+ 40.
Qe2 Qxh3+ 41. Qg2 Qd3+ 42. Qe2 Qf5+ 43. Qf2 Qg6 44. Ne3 Re8 45. Nf5 Qg4 46. Ne3
Qe4 47. Nd1 Qh1+ 48. Qg1 Re1+ 49. Kxe1 Qxg1+ 50. Kd2 Qg2+ 51. Kc1 h5 0-1

[Event "ICC tourney 1897 (3 2)"]
[Site "Internet Chess Club"]
[Date "2020.07.03"]
[Round "2"]
[White "investigator"]
[Black "rishibabu"]
[Result "0-1"]
[WhiteElo "1685"]
[BlackElo "1534"]
[PlyCount "110"]
[EventDate "2020.??.??"]

1. c4 c5 2. Nf3 Nf6 3. g3 g6 4. Bg2 Bg7 5. Nc3 Nc6 6. O-O O-O 7. d4 cxd4 8.
Nxd4 a6 9. e4 Qc7 10. b3 d6 11. Bb2 Bd7 12. Rc1 Rac8 13. Qd2 Rfd8 14. Nd5 Qb8
15. Nxc6 Bxc6 16. Nxe7+ Kh8 17. Nxc8 Qxc8 18. f3 Qe6 19. Rfd1 Kg8 20. Bd4 h5
21. Qb2 Kh7 22. Bc3 Rd7 23. Rd3 h4 24. Rcd1 h3 25. Bh1 g5 26. Rd5 Bxd5 27. cxd5
Qe7 28. Qb1 Kg8 29. Rc1 Qd8 30. Qd3 Rc7 31. Bd2 Rxc1+ 32. Bxc1 g4 33. f4 Qc7
34. Be3 Qa5 35. Qd2 Qb5 36. Kf2 Bf8 37. Bd4 Bg7 38. Qc3 Ne8 39. Bxg7 Nxg7 40.
e5 Kh7 41. exd6 Qb6+ 42. Qe3 Qxd6 43. Qd4 Qa3 44. d6 Qxa2+ 45. Kg1 Qb1+ 46. Kf2
Qc2+ 47. Ke3 Qxb3+ 48. Qd3+ Qxd3+ 49. Kxd3 Ne6 50. Bxb7 Nc5+ 51. Kc4 Nxb7 52.
d7 Nd8 53. Kd5 Kg7 54. Kc5 Kf6 55. Kd6 a5 0-1

[Event "ICC tourney 1897 (3 2)"]
[Site "Internet Chess Club"]
[Date "2020.07.03"]
[Round "1"]
[White "Dlugy"]
[Black "investigator"]
[Result "1-0"]
[WhiteElo "2866"]
[BlackElo "1741"]
[PlyCount "37"]
[EventDate "2020.??.??"]

1. d4 Nf6 2. Bf4 g6 3. Nc3 Bg7 4. e4 d6 5. Qd2 O-O 6. O-O-O Nbd7 7. e5 dxe5 8.
dxe5 Nh5 9. Bh6 Qe8 10. g4 Bxh6 11. Qxh6 Ng7 12. Nf3 f6 13. Bc4+ Kh8 14. Nd5
Nb6 15. exf6 exf6 16. Rhe1 Qc6 17. Re7 Rg8 18. Nf4 f5 19. Ng5 1-0

[Event "ICC tourney 1897 (3 2)"]
[Site "Internet Chess Club"]
[Date "2020.07.03"]
[Round "15"]
[White "Aniketshukla"]
[Black "destroyingeagle"]
[Result "0-1"]
[WhiteElo "1497"]
[BlackElo "1447"]
[PlyCount "66"]
[EventDate "2020.??.??"]

1. e4 d6 2. d4 g6 3. Nf3 Bg7 4. c3 Nc6 5. Bd3 e5 6. d5 Nce7 7. O-O f5 8. c4 Nf6
9. Nc3 f4 10. b4 O-O 11. c5 h6 12. Bd2 g5 13. Rc1 Ng6 14. Nb5 Ne8 15. cxd6 cxd6
16. Ne1 g4 17. f3 g3 18. h3 Rf7 19. Qe2 Qh4 20. a4 Bf6 21. a5 Bd8 22. Bc3 Rg7
23. a6 Bb6+ 24. Bd4 exd4 25. Nc2 Bxh3 26. gxh3 Qxh3 27. Qg2 Qd7 28. Nbxd4 Ne5
29. Bb5 Qxb5 30. axb7 Rb8 31. Kh1 Bxd4 32. Nxd4 Qxb7 33. b5 Rg5 0-1

[Event "ICC tourney 1897 (3 2)"]
[Site "Internet Chess Club"]
[Date "2020.07.03"]
[Round "14"]
[White "Aniketshukla"]
[Black "ickyquarter"]
[Result "1-0"]
[WhiteElo "1529"]
[BlackElo "1619"]
[PlyCount "57"]
[EventDate "2020.??.??"]

1. e4 c5 2. Nf3 d6 3. d4 cxd4 4. Nxd4 Nf6 5. Nc3 g6 6. Be3 Bg7 7. Bc4 Ng4 8.
Bb5+ Kf8 9. O-O Nxe3 10. fxe3 e5 11. Qf3 f6 12. Nb3 Be6 13. Nd5 Bxd5 14. exd5
Nd7 15. Nd2 Ke7 16. Ne4 Rf8 17. Qh3 f5 18. Qxh7 Rf7 19. Ng5 Nf6 20. Qxg6 Qf8
21. Rxf5 a6 22. Bc4 b5 23. Bb3 Rc8 24. Raf1 a5 25. c3 a4 26. Bc2 b4 27. g4 bxc3
28. Ne6 Qg8 29. g5 1-0

[Event "ICC tourney 1897 (3 2)"]
[Site "Internet Chess Club"]
[Date "2020.07.03"]
[Round "13"]
[White "MrNormalName"]
[Black "Aniketshukla"]
[Result "1-0"]
[WhiteElo "1796"]
[BlackElo "1494"]
[PlyCount "81"]
[EventDate "2020.??.??"]

1. d4 d5 2. c4 e6 3. Nc3 Nf6 4. cxd5 exd5 5. Bg5 c6 6. e3 Bf5 7. Qf3 Bg6 8.
Bxf6 Qxf6 9. Qxf6 gxf6 10. Nf3 Nd7 11. Nh4 Rc8 12. g3 Be7 13. Bh3 Rd8 14. O-O
Kf8 15. Nf5 Nb6 16. Ne2 Nc4 17. b3 Nd2 18. Rfd1 Nf3+ 19. Kg2 Ng5 20. Nh4 h5 21.
Nf4 Kg7 22. Nf5+ Kf8 23. Nxe7 Kxe7 24. Kf1 Nf3 25. Kg2 Be4 26. Kh1 h4 27. g4
Nxd4+ 28. Bg2 Ne6 29. Bxe4 dxe4 30. Kg2 Ng5 31. b4 Ne6 32. Nxe6 fxe6 33. f3
exf3+ 34. Kxf3 f5 35. gxf5 exf5 36. Kf4 Kf6 37. Rab1 Rde8 38. b5 Re4+ 39. Kf3
Rhe8 40. Rd6+ Kg5 41. Rd3 1-0

[Event "ICC tourney 1897 (3 2)"]
[Site "Internet Chess Club"]
[Date "2020.07.03"]
[Round "12"]
[White "Aniketshukla"]
[Black "MasterZachary"]
[Result "0-1"]
[WhiteElo "1503"]
[BlackElo "2219"]
[PlyCount "98"]
[EventDate "2020.??.??"]

1. e4 e5 2. Nf3 Nc6 3. Bc4 Nf6 4. d3 Be7 5. O-O O-O 6. c3 d5 7. exd5 Nxd5 8.
Re1 Bg4 9. Nbd2 a6 10. Qc2 Nf4 11. g3 b5 12. gxf4 bxc4 13. Nxe5 Nxe5 14. fxe5
cxd3 15. Qa4 Qc8 16. Ne4 Bf3 17. Nd2 Bd5 18. Qf4 f6 19. c4 fxe5 20. Qxe5 Qg4+
21. Qg3 Qxg3+ 22. hxg3 Bc5 23. Rf1 Be6 24. b3 Bh3 25. Bb2 Bxf1 26. Rxf1 Rae8
27. b4 Bxf2+ 28. Rxf2 Rxf2 29. Kxf2 Re2+ 30. Kf3 Rxd2 31. Bc3 Rxa2 32. Ke3 Rg2
33. Kxd3 Rxg3+ 34. Kd4 h5 35. b5 axb5 36. cxb5 h4 37. Be1 Rg4+ 38. Kc5 h3 39.
Bg3 Rxg3 40. Kc6 Rc3+ 41. Kb7 h2 42. Kb8 h1=Q 43. Kc8 Qd5 44. Kb8 Qxb5+ 45. Kc8
c5 46. Kd8 Rd3+ 47. Kc8 Qd7+ 48. Kb8 Rb3+ 49. Ka8 Qb7# 0-1

[Event "ICC tourney 1897 (3 2)"]
[Site "Internet Chess Club"]
[Date "2020.07.03"]
[Round "7"]
[White "bpovo1394"]
[Black "Aniketshukla"]
[Result "1-0"]
[WhiteElo "961"]
[BlackElo "1266"]
[PlyCount "137"]
[EventDate "2020.??.??"]

1. e4 e6 2. d4 d5 3. Nc3 Nf6 4. e5 Nfd7 5. f4 c5 6. Nf3 Nc6 7. Be3 a6 8. Qd2 b5
9. dxc5 Bxc5 10. Bd3 Qb6 11. Bf2 Bb7 12. O-O O-O 13. a3 f6 14. exf6 Rxf6 15.
Rae1 Raf8 16. g3 Ne7 17. Ng5 g6 18. h4 e5 19. Bxc5 Nxc5 20. Kh2 e4 21. Be2 Rd8
22. b4 Ne6 23. Nd1 d4 24. Nxe6 Qxe6 25. Ne3 Nf5 26. Ng4 Rff8 27. Ne5 e3 28. Qd3
Nd6 29. Bf3 Bxf3 30. Rxf3 Nc4 31. Nxc4 bxc4 32. Qe2 Qe4 33. Rff1 Rc8 34. c3
Rfd8 35. cxd4 Rxd4 36. Qxe3 Qxe3 37. Rxe3 c3 38. Rc1 c2 39. Re2 Rdc4 40. Rd2
Rc3 41. Kg2 Kf7 42. Kf2 Kf6 43. g4 Ke6 44. Re1+ Kf7 45. Rc1 R8c4 46. f5 gxf5
47. gxf5 Kf6 48. Rd6+ Kxf5 49. Rxa6 Rd4 50. Ke2 Rxh4 51. Kd2 Rhc4 52. Ra7 h5
53. Rh7 Kg4 54. b5 Rh3 55. b6 Rc6 56. b7 Rb6 57. Rxc2 Rh2+ 58. Kd3 Rxc2 59.
Kxc2 h4 60. a4 h3 61. a5 Rb5 62. a6 Kg3 63. a7 Rc5+ 64. Kd3 Rc7 65. b8=Q Kg2
66. Qxc7 h2 67. Qxh2+ Kf1 68. Rf7+ Ke1 69. Qe2# 1-0

[Event "ICC tourney 1897 (3 2)"]
[Site "Internet Chess Club"]
[Date "2020.07.03"]
[Round "6"]
[White "Xuanli28"]
[Black "Aniketshukla"]
[Result "1-0"]
[WhiteElo "1655"]
[BlackElo "1369"]
[PlyCount "67"]
[EventDate "2020.??.??"]

1. e4 e6 2. d4 d5 3. Nd2 Nf6 4. e5 Nfd7 5. f4 c5 6. c3 Nc6 7. Ndf3 a6 8. Bd3 b5
9. Ne2 Qb6 10. O-O Be7 11. Be3 O-O 12. g4 f6 13. Qe1 Bb7 14. Qg3 fxe5 15. Nxe5
Ncxe5 16. fxe5 Rxf1+ 17. Rxf1 Rf8 18. Nf4 Bg5 19. Qh3 g6 20. Qg3 cxd4 21. cxd4
Bxf4 22. Rxf4 Rxf4 23. Qxf4 Qd8 24. g5 Qf8 25. Qg4 Qf7 26. h4 Nb6 27. b3 Bc8
28. Qg2 Qc7 29. h5 Qc3 30. Qf1 Nc4 31. bxc4 bxc4 32. hxg6 hxg6 33. Bxg6 Qxe3+
34. Kh1 1-0

[Event "ICC tourney 1897 (3 2)"]
[Site "Internet Chess Club"]
[Date "2020.07.03"]
[Round "3"]
[White "Aniketshukla"]
[Black "investigator"]
[Result "0-1"]
[WhiteElo "1351"]
[BlackElo "1688"]
[PlyCount "60"]
[EventDate "2020.??.??"]

1. e4 d6 2. d4 Nf6 3. Nc3 g6 4. h3 Bg7 5. Be3 a6 6. a4 O-O 7. Bd3 Nc6 8. Nge2
e5 9. d5 Ne7 10. O-O c6 11. dxc6 bxc6 12. f4 exf4 13. Bxf4 d5 14. Bg5 Nxe4 15.
Nxe4 dxe4 16. Bxe4 Qb6+ 17. Kh1 Nd5 18. Rb1 Re8 19. Bxd5 cxd5 20. Nf4 Bb7 21.
Nxd5 Qc6 22. c4 Qxc4 23. Ne3 Qe4 24. Qd7 f5 25. Rbe1 Qc6 26. Qd2 h6 27. Bf4
Rad8 28. Qf2 g5 29. Bh2 f4 30. Ng4 h5 0-1

[Event "ICC tourney 1897 (3 2)"]
[Site "Internet Chess Club"]
[Date "2020.07.03"]
[Round "1"]
[White "Pschaak"]
[Black "Aniketshukla"]
[Result "1-0"]
[WhiteElo "1976"]
[BlackElo "1459"]
[PlyCount "151"]
[EventDate "2020.??.??"]

1. d4 d5 2. Bf4 Nf6 3. e3 c5 4. c3 Nc6 5. Nf3 Bf5 6. Qb3 Qc8 7. dxc5 e6 8. Nd4
Bg6 9. Qa4 Bxc5 10. Bb5 Bxd4 11. cxd4 O-O 12. Nc3 a6 13. Bxc6 bxc6 14. O-O Qd7
15. h3 Rfc8 16. b4 Bd3 17. Rfd1 Bb5 18. Qa5 Ne8 19. Na4 Bxa4 20. Qxa4 a5 21.
bxa5 Qa7 22. Rab1 Qxa5 23. Qxa5 Rxa5 24. Rdc1 Rxa2 25. Rb6 f6 26. Rbxc6 Rxc6
27. Rxc6 Kf7 28. Rb6 g5 29. Rb7+ Kg6 30. Bc7 Rc2 31. Bd8 Ng7 32. Be7 Nf5 33.
Bf8 h5 34. g4 Rc1+ 35. Kh2 hxg4 36. hxg4 Rc2 37. gxf5+ Kxf5 38. Kg3 Ke4 39. Be7
Kf5 40. Rb8 Rc7 41. Bd6 Rd7 42. Bc5 e5 43. Rf8 Rh7 44. dxe5 Kxe5 45. Bd4+ Ke4
46. Rxf6 Rh1 47. Kg2 Rh4 48. Re6+ Kf5 49. Re5+ Kg6 50. Rxd5 Rg4+ 51. Kf3 Rh4
52. Bc5 g4+ 53. Kg3 Rh5 54. Rxh5 Kxh5 55. e4 Kg5 56. Be3+ Kf6 57. Kxg4 Ke7 58.
f4 Ke8 59. f5 Kf8 60. e5 Ke8 61. e6 Kf8 62. Bc5+ Ke8 63. f6 Kd8 64. e7+ Ke8 65.
Kf5 Kf7 66. Kg5 Ke8 67. Kg6 Kd7 68. f7 Kc6 69. e8=Q+ Kxc5 70. f8=Q+ Kc4 71.
Qc8+ Kd3 72. Qf3+ Kd2 73. Qd7+ Kc1 74. Qfc6+ Kb2 75. Qdb7+ Ka1 76. Qca6# 1-0